Statistiques concernant Grey's Anatomy (saison 1) #1

Cliquez ici pour prendre le quiz!

Statistiques générales

  • Ce quiz a été pris 390 fois
  • Le résultat moyen est 8 sur 15

Statistiques - réponses

HintRéponse% Correct
Dans quelle ville se situe l’hôpital ?Seattle
95%
Où se sont rencontrés Derek et Meredith ?Bar
82%
A qui appartient le bar ?Joe
72%
Quel était le métier d'Izzie ?Mannequin
72%
Où vit DerekCaravane
71%
Quelle est la spécialité de Derek Shepherd ?Neurologie
63%
Sur qui porte le secret de Meredith ?Ellis Grey
61%
Combien il y a d'épisodes ?9
60%
Qui est le chef de l’hôpital ?Dr. Richard Webber
57%
Quel interne effectue une chirurgie en solo ?Cristina
54%
Comment s'appelle l’hôpital ?Seattle Grace Hospital
42%
Comment s'appelle la team d'interne ?MAGIC
40%
Avec qui Alex Karev se bagarre t il ?George O'Malley
38%
Qui fait son entrée à la fin de la saison ?Dr. Addison Montgomery Shepherd
28%
Ou Cristina a fait ses études ?Stanford University
3%

Distribution des résultats

Percentile par nombre de réponses

% des personnes avec chaque résultat

Votre développement - résultats

Vous n’avez pas pris ce quiz